000 00713nam a2200193 a 4500
005 20140412111248.0
008 020515s19uu xx 00 eng d
020 _a0-307-13266-8
050 _aER
_bPo75by 1998
100 _aMuldrow, Diane
245 _aPokemon: bye, bye butterfree /
_cby Diane Muldrow ; illustrated by DRI Artworks.
260 _aNew York :
_bA Golden Book,
_c1998.
300 _a1 v. (unp.); ill.
440 _aPokemon Adventure Series, #1
520 _aTrouble's in the air! It looks like Team Rocket may pull off their evil scheme this time - stealing the Butterfree as they cross the ocean.
650 _aAdventures
_xFiction
650 _aChildren stories
_xFiction
999 _c103032
_d103032